Pioneers : (Record no. 24315)
[ view plain ]
| 000 -LEADER | |
|---|---|
| fixed length control field | 00574cam a22001938c 4500 |
| 020 ## - INTERNATIONAL STANDARD BOOK NUMBER | |
| ISBN | 9781394304059 |
| 041 ## - LANGUAGE CODE | |
| Language code of text/sound track or separate title | English |
| 082 00 - DEWEY DECIMAL CLASSIFICATION NUMBER | |
| Classification number | 650.1 |
| Item number | KAR |
| 100 1# - MAIN ENTRY--AUTHOR NAME | |
| Author name | Karra Sillaman, Neri, |
| 245 10 - TITLE STATEMENT | |
| Title | Pioneers : |
| Sub Title | 8 principles of business longevity from immigrant entrepreneurs / |
| Statement of responsibility, etc | Neri Karra Sillaman. |
| 260 ## - PUBLICATION, DISTRIBUTION, ETC. (IMPRINT) | |
| Place of publication | United State : |
| Name of publisher | John Wiley , |
| Year of publication | 2025. |
| 300 ## - PHYSICAL DESCRIPTION | |
| Number of Pages | xiv, 238 pages ; |
| Dimensions | 24 cm. |
| 504 ## - BIBLIOGRAPHY, ETC. NOTE | |
| Bibliography, etc | Includes index. |
| 650 #0 - SUBJECT ADDED ENTRY--TOPICAL TERM | |
| Subject | Success in business |
| 650 #0 - SUBJECT ADDED ENTRY--TOPICAL TERM | |
| Subject | Entrepreneurship |
| 650 #0 - SUBJECT ADDED ENTRY--TOPICAL TERM | |
| Subject | New business enterprises |
| 942 ## - ADDED ENTRY ELEMENTS (KOHA) | |
| Source of classification or shelving scheme | Dewey Decimal Classification |
| Koha item type | Books |
| Withdrawn status | Lost status | Source of classification or shelving scheme | Damaged status | Not for loan | Home library | Current library | Shelving location | Date acquired | Source of acquisition | Cost, normal purchase price | Bill Date | Full call number | Accession Number | Price effective from | Koha item type |
|---|---|---|---|---|---|---|---|---|---|---|---|---|---|---|---|
| Dewey Decimal Classification | Institute of Public Enterprise, Library | Institute of Public Enterprise, Library | S Campus | 04/16/2026 | Atlantic Publisher | 2568.33 | 28/03/2026 | 650.1 KAR | 51025 | 04/16/2026 | Books |

2cqr automation private limited, Chennai. All Rights Reserved.